| 000 | 00448nam a22001457a 4500 | ||
|---|---|---|---|
| 005 | 20180807141002.0 | ||
| 020 |
_a8186030441 _c250.00 |
||
| 035 | _aA-936408, A-936409 | ||
| 037 |
_aDPL _bENG |
||
| 100 | _aDavindera | ||
| 245 |
_aSocialization and education of nomad children in Delhi state / _cby Davindera |
||
| 260 |
_aNew Delhi _bRegency Publications _c1997 |
||
| 300 |
_aviii, 160p. _c20 cms. |
||
| 942 |
_2ddc _cEN _h307.772 _mDAV |
||
| 999 |
_c65366 _d65366 |
||